| 000 | 00824nam a2200253 a 4500 | ||
|---|---|---|---|
| 003 | MX-MxUPN | ||
| 005 | 20240925070154.0 | ||
| 008 | 991125s1880 mx fr 000 0 spa d | ||
| 035 | _aUPN01000009923 | ||
| 040 |
_aMX-MxUPN _bspa _cMX-MxUPN |
||
| 041 | _aspa | ||
| 050 | 4 |
_aD59 _bS5.2 |
|
| 100 | 1 |
_aSierra, Justo, _d1848-1912 _928551 |
|
| 245 | 1 | 0 | _aCompendio de historia de la antiguedad |
| 260 |
_aMéxico : _bImprenta de La Libertad, _c1880. |
||
| 300 | _a387 páginas | ||
| 504 | _aIncluye índice. | ||
| 650 | 7 |
_aHistoria antigua _915578 |
|
| 710 | 1 |
_aMéxico. _bSecretaría de Educación Pública. _bBiblioteca Pública _epropietario anterior _951349 |
|
| 710 | 2 |
_aEscuela Nacional Preparatoria (México) _epropietario anterior _921965 |
|
| 902 | _bMaríaRobles/240924 | ||
| 905 | _aLibro | ||
| 942 |
_2lcc _cLIBRO _n0 |
||
| 999 |
_c9923 _d9923 |
||